NBA Player by Emoji - Statistics

General Stats
  • This quiz has been taken 44 times
  • The average score is 9 of 12
Answer Stats
Hint Answer % Correct
⬛🐍 Kobe Bryant
100%
👑 LeBron James
100%
🐐 Micheal Jordan
100%
🕷 Donovan Mitchell
90%
🐍 Kevin Durant
85%
📬 Karl Malone
83%
🧑‍🍳🍛 Stephen Curry
78%
⬜🍫 Jason Williams
76%
Shaquille O'Neal
46%
🍫⛈ Darryl Dawkins
34%
🦞 Kawhi Leonard
34%
🪖 David Robinson
27%
No matching quizzes found
Score Distribution
Percent of People with Each Score
Percentile by Number Answered
Your Score History
You have not taken this quiz